000 00720nam a2200229Ia 4500
005 20241129104130.0
008 241129s9999||||xx |||||||||||||| ||und||
020 _a9783030567903
037 _aTextual
040 _aRTL
_beng
_cRTL
041 _aeng
_2eng
084 _aX:77.44Q7.N50 R0
_qRTL
100 _aMujeri Mustafa K.; Mujeri Neaz
_9724915
245 0 _aBangladesh at fifty: Moving beyond development traps
_cMujeri Mustafa K.; Mujeri Neaz
260 _aSwitzerland
_bPalgrave Macmillan
_c2020
300 _axxiii,570p.
365 _aINR
_b9854
490 _aPalgrave Studies in Economic History
650 _aSociology
942 _cTB
_hX:77.44Q7.N50 R0
999 _c1224560
_d1224560